000 00513nam a22001817a 4500
003 0
005 20240116103927.0
008 240116b xxu||||| |||| 00| 0 eng d
020 _a978-0-439-78925-7
050 _aTR
_bMo687 2011
082 _aTR
_bMo687 2011
100 _aLevine, Arthur A.
245 _aMonday is one day
_cArthur A. Levine
260 _aNew York City
_bScholastic Inc.
_cc2011.
300 _aunpaged :
_bcolored illustrations ;
_c25cm.
650 _aChildren's stories.
942 _2ddc
_cBK
999 _c365860
_d365860